00990 a2200193 45000010006000000050017000060080041000230030015000640400040000790800031001192450044001500200022001942500012002162640036002283000024002645050460002881000023007487000025007712301920260407155520.0260407a1974 arg spa dAR-UNSa-BCEJYS aAR-UNSa-BCEJYSbspacAR-UNSa-BCEJYS a330xEconomía en general10aIntroducción a la economía positiva a978-84-316-1108-8 a9a. ed. 1aBarcelona :bVicens-Vivesc1974 axxx, 829 p.c22 cm. aParte I: Objeto y método - Parte II:La teoría elemental del precio - Parte III: La teoría de la demanda - Parte IV: La teoria intermedia de la oferta - Parte V: Teoría de la Distribución - Parte VI: La economía en su conjunto - Parte VII: El flujo circular de la renta - Parte VIII: La importancia del dinero en el flujo circular - Parte IX: La economía internacional - Parte X: Crecimiento económico - Parte XI: Politica Macroeconomica. 1 aLipsey, Richard G.1 aHortalá Arau, Juan